Score 0/22 Timer 03:00
0 Plays Today
Hint Answer % Correct
Crazy in ____Love
97.1%
Best Thing I ____ HadNever
95.4%
If I ____ a BoyWere
95%
Me, ____ and IMyself
94.8%
Naughty ____Girl
94.4%
Déjà ____Vu
94.1%
Baby ____Boy
87.6%
Kitty ____Kat
86.1%
Rather Die ____Young
85.6%
____ the World (Girls)Run
85.5%
____ DreamsSweet
82.6%
Hint Answer % Correct
Hold ____Up
82.3%
Ring the ____Alarm
81.6%
Start ____Over
79.4%
____ of TimeEnd
79.1%
Love on ____Top
77.5%
____ in LoveDrunk
75.1%
I Was ____Here
69.9%
Video ____Phone
68%
6 ____Inch
65.9%
____ on ItCheck
58.3%
____ DressFreakum
55.5%

Today's Daily Dose

You're not logged in!

Compare scores with friends on all Sporcle quizzes.
OR
Log In

Sporcle TV

Today on Sporcle TV


Watch our educational content, quiz creation guides, and fun videos on Sporcle TV.

Show Comments

Extras

Top Quizzes Today


Score Distribution

Your Account Isn't Verified!

In order to create a playlist on Sporcle, you need to verify the email address you used during registration. Go to your Sporcle Settings to finish the process.

Report this User

Report this user for behavior that violates our Community Guidelines.

Details: